LEADER 01536nam 2200421 450 001 9910704757203321 005 20130801115205.0 035 $a(CKB)5470000002444153 035 $a(OCoLC)854854944 035 $a(EXLCZ)995470000002444153 100 $a20130801d2013 ua 0 101 0 $aeng 135 $aurmn||||||||| 181 $2rdacontent 182 $2rdamedia 183 $2rdacarrier 200 10$aClimate change $efuture federal adaptation efforts could better support local infrastructure decision makers : report to congressional requesters 210 1$a[Washington, D.C.] :$cUnited States Government Accountability Office,$d2013. 215 $a1 online resource (iii, 93 pages) $cillustrations, maps 300 $aTitle from title screen (viewed July 11, 2013). 300 $a"April 2013." 300 $a"GAO-13-242." 320 $aIncludes bibliographical references. 517 $aClimate change 606 $aInfrastructure (Economics)$zUnited States$xPlanning 606 $aInfrastructure (Economics)$xEnvironmental aspects$zUnited States 606 $aDecision making$zUnited States 606 $aClimatic changes$xGovernment policy$zUnited States 615 0$aInfrastructure (Economics)$xPlanning. 615 0$aInfrastructure (Economics)$xEnvironmental aspects 615 0$aDecision making 615 0$aClimatic changes$xGovernment policy 801 0$bGPO 801 1$bGPO 906 $aBOOK 912 $a9910704757203321 996 $aClimate change$9250420 997 $aUNINA LEADER 02083nam 2200637 450 001 9910815098203321 005 20200923020339.0 010 $a94-92444-27-5 035 $a(CKB)3840000000350285 035 $a(Au-PeEL)EBL5288343 035 $a(CaPaEBR)ebr11511433 035 $a(OCoLC)1023551968 035 $a(MiAaPQ)EBC5288343 035 $a(EXLCZ)993840000000350285 100 $a20180327h20122012 uy 0 101 0 $aeng 135 $aurcnu|||||||| 181 $2rdacontent 182 $2rdamedia 183 $2rdacarrier 200 10$aDigital atlas of economic plants in archaeology /$fReinder Neef, Rene? T.J. Cappers, Rene?e M. Bekker ; with contributions by L. Boulos [and six others] 210 1$aGroningen, [Netherlands] :$cBarkhuis Publishing & University of Groningen Library,$d2012. 210 4$dİ2012 215 $a1 online resource (761 pages) $ccolor illustrations, maps 225 1 $aGroningen Archaeological Studies,$x1572-1760 ;$vVolume 17 311 $a94-91431-02-1 320 $aIncludes bibliographical references and index. 410 0$aGroningen archaeological studies ;$vVolume 17. 606 $aPlants, Useful$vAtlases 606 $aPlants, Edible$vAtlases 606 $aMedicinal plants$vAtlases 606 $aSeeds$vIdentification 606 $aMedicinal plants$vIdentification 606 $aSeeds$vAtlases 606 $aPlants, Useful$vIdentification 606 $aPlants, Edible$vIdentification 615 0$aPlants, Useful 615 0$aPlants, Edible 615 0$aMedicinal plants 615 0$aSeeds 615 0$aMedicinal plants 615 0$aSeeds 615 0$aPlants, Useful 615 0$aPlants, Edible 676 $a581.63096982 700 $aNeef$b Reinder$0524008 702 $aCappers$b Rene? T. J. 702 $aBekker$b Rene?e M. 702 $aBoulos$b Loutfy 801 0$bMiAaPQ 801 1$bMiAaPQ 801 2$bMiAaPQ 906 $aBOOK 912 $a9910815098203321 996 $aDigital atlas of economic plants in archaeology$94103267 997 $aUNINA